Đội bóng châu Á dự vòng loại World Cup 2022 - Statistics

General Stats
  • This quiz has been taken 6 times
  • The average score is 18 of 40
Answer Stats
Bảng Điểm Đội % Correct
Bảng A TB: 1156 1487 Trung Quốc
100%
Bảng G TB: 1303 1107 Malaysia
100%
Bảng E TB: 1277 1206 Ấn Độ
75%
Bảng C TB: 1377 1565 Iraq
75%
Bảng C TB: 1377 1797 Iran
75%
Bảng H TB: 1295 1363 Triều Tiên
75%
Bảng E TB: 1277 1501 Oman
75%
Bảng E TB: 1277 1730 Qatar
75%
Bảng D TB: 1366 1491 A-rập Xê-út
75%
Bảng G TB: 1303 1326 Thái Lan
75%
Bảng G TB: 1303 1370 Việt Nam
75%
Bảng G TB: 1303 1490 UAE
50%
Bảng B TB: 1300 1673 Úc
50%
Bảng E TB: 1277 812 Bangladesh
50%
Bảng A TB: 1156 774 Guam
50%
Bảng C TB: 1377 1186 Hồng Kông
50%
Bảng G TB: 1303 1224 Indonesia
50%
Bảng F TB: 1235 1745 Nhật Bản
50%
Bảng H TB: 1295 1786 Hàn Quốc
50%
Bảng A TB: 1156 1132 Phi-líp-pin
50%
Bảng D TB: 1366 1107 Singapore
50%
Bảng A TB: 1156 1438 Syria
50%
Bảng D TB: 1366 1190 Yemen
50%
Bảng B TB: 1300 998 Đài Bắc
50%
Bảng C TB: 1377 1498 Ba-ranh
25%
Bảng B TB: 1300 1510 Jordan
25%
Bảng F TB: 1235 1292 Kyrgyzstan
25%
Bảng C TB: 1377 839 Cam-pu-chia
25%
Bảng B TB: 1300 1433 Cô-oét
25%
Bảng H TB: 1295 1420 Li-băng
25%
Bảng F TB: 1235 839 Mông Cổ
25%
Bảng A TB: 1156 948 Maldives
25%
Bảng B TB: 1300 887 Nepal
25%
Bảng H TB: 1295 1227 Turkmenistan
25%
Bảng D TB: 1366 1624 Uzbekistan
25%
Bảng E TB: 1277 1135 Afghanistan
0%
Bảng H TB: 1295 680 Sri Lanka
0%
Bảng F TB: 1235 1052 Myanmar
0%
Bảng F TB: 1235 1249 Tajikistan
0%
Bảng D TB: 1366 1418 Palestine
0%
No matching quizzes found
Score Distribution
Percent of People with Each Score
Percentile by Number Answered
Your Score History
You have not taken this quiz